| 000 | 01572nam a2200229Ia 4500 | ||
|---|---|---|---|
| 003 | Ost | ||
| 005 | 20260507075647.0 | ||
| 008 | 260507s9999||||xx |||||||||||||| ||und|| | ||
| 020 | _a6539059960 | ||
| 040 | _cfsecg | ||
| 041 | _aara | ||
| 082 | _a1.6062 | ||
| 100 |
_aغراب، كامل السيد _eمؤلف |
||
| 245 | 0 |
_aنظم المعلومات الإدارية : _bمدخل تحليلي / _c كامل السيد غراب |
|
| 260 |
_aالرياض: _bجامعة الملك سعود, _c[د.ت.] |
||
| 300 |
_a441 صفحة؛ _bإيضاحات ؛ _c24 سم |
||
| 520 | _aالإدارة ونظم المعلومات- الحاجة الى المعلومات- عنصر الإدارة في نظم المعلومات الإدارية- عنصر المعلومات في نظم المعلومات الإدارية- تطوير نظم المعلومات- بحث الإحتياجات والدراسات التمهيدية- مرحلة التحليل- أدوات التحليل المقنن- إعتبارات التصميم- خريطة هيكل النظام- إعتبارات التطبيق- خطة الإختيار وإعتبارات الجودة- تشغيل النظام وإدارته وتقويمه- أمثلة تطبيقية لنظم المعلومات الإدارية- نظم إدارة قواعد البيانات- نظم دعم اتخاذ القرارات. | ||
| 653 | _aالمعلومات الإدارية | ||
| 653 | _aنظم المعلومات- المؤسسة الممتدة | ||
| 700 |
_aحجازي، فادية محمد _eمؤلف ثانوي |
||
| 942 | _cكتاب | ||
| 999 |
_c45514 _d45514 |
||